| 000 | 00343 a2200109 4500 | ||
|---|---|---|---|
| 001 | ART_7147 | ||
| 005 | 20260410161700.0 | ||
| 008 | 260409a | ||
| 245 | 1 | 0 | _aLa crisis y la demanda mundial, del corto al mediano plazo |
| 100 | 1 | _aGiavazzi, Francesco | |
| 773 | 0 |
_tEnsayos Económicos _g- Nº 53/54 (ene./jun. 2009) _wREV620 |
|
| 999 |
_c15054 _d15054 |
||